<?xml version="1.0" encoding="UTF-8"?>
<record
    xmlns:xsi="http://www.w3.org/2001/XMLSchema-instance"
    xsi:schemaLocation="http://www.loc.gov/MARC21/slim http://www.loc.gov/standards/marcxml/schema/MARC21slim.xsd"
    xmlns="http://www.loc.gov/MARC21/slim">

  <leader>01512nam a2200205Ia 4500</leader>
  <controlfield tag="001">a1683-42508 </controlfield>
  <controlfield tag="003">IT-MiCISF</controlfield>
  <controlfield tag="008">161014s9999||||xx |||||||||||||| ||und||</controlfield>
  <datafield tag="040" ind1=" " ind2=" ">
    <subfield code="a">IT-MiCISF</subfield>
    <subfield code="c">IT-MiCISF</subfield>
  </datafield>
  <datafield tag="041" ind1=" " ind2=" ">
    <subfield code="a">it</subfield>
  </datafield>
  <datafield tag="100" ind1=" " ind2=" ">
    <subfield code="a">Negri Luigi</subfield>
  </datafield>
  <datafield tag="245" ind1=" " ind2="0">
    <subfield code="a">Vivere il matrimonio</subfield>
    <subfield code="b">Percorso di verifica per fidanzati e sposi</subfield>
  </datafield>
  <datafield tag="250" ind1=" " ind2=" ">
    <subfield code="a">1a ed.</subfield>
  </datafield>
  <datafield tag="260" ind1=" " ind2=" ">
    <subfield code="a"> Milano</subfield>
    <subfield code="b">Edizioni Ares</subfield>
    <subfield code="c">2006</subfield>
  </datafield>
  <datafield tag="300" ind1=" " ind2=" ">
    <subfield code="a">pp. 174</subfield>
  </datafield>
  <datafield tag="500" ind1=" " ind2=" ">
    <subfield code="a"> / pastorale-familiare, matrimonio-sacramento, preparazione-al-matrimonio, vocazione, rapporti-uomo-donna, famiglia, chiesa-domestica, valori, sessualit&#xE0; / La parola matrimonio evoca l'espressione piena di un'umanit&#xE0; responsabile che &#xE8; segno di redenzione dentro la storia, anche attraverso gli aspetti materiali della vita. L'affezione reciproca &#xE8; un sentimento grande ma al tempo stesso faticoso, come lo &#xE8; mettere al mondo dei figli ed educarli; come &#xE8; faticoso far fronte alle necessit&#xE0; economiche del quotidiano, specie alle soglie dell'esperienza coniugale... Ma che cosa rende lieve ogni difficolt&#xE0; e fa del sacramento del matrimonio uno strumento privilegiato e incarnato della salvezza cristiana? Il suo porsi come segno di contraddizione nel contesto del mondo dominato dagli scopi individualisti e intraterreni del potere e del successo, come luogo della fedelt&#xE0;, della condivisione, dell'ospitalit&#xE0; e del sacrificio reciproco e verso gli altri. </subfield>
  </datafield>
  <datafield tag="650" ind1=" " ind2=" ">
    <subfield code="a"> Temi di pastorale / pastorale-familiare</subfield>
    <subfield code="e">012</subfield>
  </datafield>
  <datafield tag="942" ind1=" " ind2=" ">
    <subfield code="c">BK</subfield>
  </datafield>
  <datafield tag="957" ind1=" " ind2=" ">
    <subfield code="7">1</subfield>
  </datafield>
  <datafield tag="999" ind1=" " ind2=" ">
    <subfield code="a">42508</subfield>
    <subfield code="b">si</subfield>
    <subfield code="g">1</subfield>
    <subfield code="c">217525</subfield>
    <subfield code="d">217525</subfield>
  </datafield>
  <datafield tag="952" ind1=" " ind2=" ">
    <subfield code="0">0</subfield>
    <subfield code="1">0</subfield>
    <subfield code="4">0</subfield>
    <subfield code="6">A_168342508</subfield>
    <subfield code="7">1</subfield>
    <subfield code="a">CISF</subfield>
    <subfield code="b">CISF</subfield>
    <subfield code="d">2016-10-14</subfield>
    <subfield code="l">0</subfield>
    <subfield code="o">a1683-42508 </subfield>
    <subfield code="r">2016-10-14 00:00:00</subfield>
    <subfield code="w">2016-10-14</subfield>
    <subfield code="y">BK</subfield>
    <subfield code="z">Data import 15.10.2016 / by Epidotti, Vaglietti</subfield>
  </datafield>
</record>
